[Event "Titled Tuesday intern op 14th Nov Early"]
[Site "Chess.com INT"]
[Date "2023.11.14"]
[Round "2"]
[White "Friedland, Moshe"]
[Black "Perez Cruz, Adianet"]
[Result "1/2-1/2"]
[WhiteElo "2200"]
[BlackElo "1973"]
[PlyCount "130"]
[EventDate "2023.11.14"]
[EventType "swiss (blitz)"]
[EventRounds "11"]
[EventCountry "USA"]
[SourceTitle "CB47_2023"]
[SourceDate "2023.11.22"]
[SourceVersion "1"]
[SourceVersionDate "2023.11.22"]
[SourceQuality "1"]

1. e4 c6 2. d4 d5 3. Nc3 dxe4 4. Nxe4 Nf6 5. Nxf6+ gxf6 6. c3 Bf5 7. Nf3 Nd7 8. g3 Be4 9. Bg2 e6 10. 0-0 Nb6 11. a4 a5 12. Bf4 Bd6 13. Bxd6 Qxd6 14. Qb3 Qc7 15. c4 h5 16. Rfe1 f5 17. Ne5 Bxg2 18. Kxg2 0-0-0 19. Nxf7 Qxf7 20. Qxb6 h4 21. h3 hxg3 22. fxg3 Qh5 23. h4 f4 24. Qc5 Qxc5 25. dxc5 fxg3 26. Kxg3 Rd3+ 27. Kg4 Rd4+ 28. Kg3 Rxc4 29. Rxe6 Rxc5 30. Rf1 Rc4 31. Ref6 Rg8+ 32. Kh3 Rgg4 33. Rf8+ Kc7 34. h5 Rh4+ 35. Kg3 Rxh5 36. R1f7+ Kb6 37. Rb8 Rg5+ 38. Kf3 Kc5 39. Rfxb7 Rf5+ 40. Kg3 Rxa4 41. Rb3 Rd5 42. Rc3+ Kd4 43. Rc8 Ra2 44. R8xc6 Rxb2 45. R6c4+ Ke5 46. Re3+ Kd6 47. Rce4 Rb4 48. Re6+ Kc5 49. Rc3+ Rc4 50. Ra3 a4 51. Ra6 Rdd4 52. Ra5+ Kb6 53. Ra8 Rb4 54. Ra2 Rd3+ 55. Kf2 Kb5 56. Rb8+ Kc4 57. Ra8 Kb3 58. Re2 Rc3 59. Re1 Rc2+ 60. Kf3 a3 61. Re3+ Rc3 62. Rxc3+ Kxc3 63. Rxa3+ Kc4 64. Re3 Rb3 65. Rxb3 Kxb3 1/2-1/2

[Event "ISR-chT"]
[Site "Israel"]
[Date "2020.09.05"]
[Round "10.4"]
[White "Friedland, Moshe"]
[Black "Klar, Nir"]
[Result "0-1"]
[WhiteElo "2257"]
[BlackElo "2094"]
[PlyCount "72"]
[EventDate "2020.01.10"]
[EventType "team-tourn"]
[EventRounds "11"]
[EventCountry "ISR"]
[SourceTitle "EXT 2021"]
[Source "ChessBase"]
[SourceDate "2020.10.23"]
[SourceVersion "1"]
[SourceVersionDate "2020.10.23"]
[SourceQuality "1"]
[WhiteTeam "Petah Tikva Hapoel"]
[BlackTeam "Herzliya Atudat Haim"]
[WhiteTeamCountry "ISR"]
[BlackTeamCountry "ISR"]

1. e4 c5 2. Nf3 Nc6 3. d4 cxd4 4. Nxd4 Nf6 5. Nc3 d6 6. Bc4 e6 7. Be3 Be7 8. Qe2 0-0 9. 0-0 Bd7 10. f4 Nxe4 11. Nxe4 d5 12. Bd3 dxe4 13. Bxe4 Nxd4 14. Bxd4 Bb5 15. Bxh7+ Kxh7 16. Qh5+ Kg8 17. Bxg7 Kxg7 18. Rf3 Qd4+ 19. Kh1 Rh8 20. Qxb5 Qb6 21. Qd7 Qd6 22. Qxb7 Rab8 23. Rg3+ Kf8 24. Qf3 Bf6 25. Rd1 Qc7 26. Qa3+ Be7 27. Qe3 Qxc2 28. Rf1 Qc5 29. Qe4 Qb4 30. Qe5 Qxb2 31. Rc3 f6 32. Qc7 Qb6 33. Qd7 Rd8 34. Qa4 f5 35. Rc6 Qe3 36. Qc4 Kf7 0-1

[Event "ISR-chT"]
[Site "Israel"]
[Date "2020.09.04"]
[Round "9.1"]
[White "Iliaguev, Nisim"]
[Black "Friedland, Moshe"]
[Result "1-0"]
[WhiteElo "2289"]
[BlackElo "2257"]
[PlyCount "127"]
[EventDate "2020.01.10"]
[EventType "team-tourn"]
[EventRounds "11"]
[EventCountry "ISR"]
[SourceTitle "EXT 2021"]
[Source "ChessBase"]
[SourceDate "2020.10.23"]
[SourceVersion "1"]
[SourceVersionDate "2020.10.23"]
[SourceQuality "1"]
[WhiteTeam "Beer Sheva K"]
[BlackTeam "Petah Tikva Hapoel"]
[WhiteTeamCountry "ISR"]
[BlackTeamCountry "ISR"]

1. c4 c6 2. g3 d5 3. Bg2 Nf6 4. Nf3 Bf5 5. b3 e6 6. 0-0 h6 7. Bb2 Nbd7 8. d3 Be7 9. Ne5 0-0 10. Nd2 Nxe5 11. Bxe5 Nd7 12. Bb2 a5 13. a3 Bf6 14. Qc2 Qb6 15. Bxf6 Nxf6 16. Qc3 d4 17. Qb2 e5 18. b4 Be6 19. Rfb1 Rfd8 20. bxa5 Qxa5 21. Qb4 Bc8 22. Nb3 Qc7 23. a4 Rb8 24. a5 Bg4 25. Nc5 e4 26. Ra2 Re8 27. dxe4 Qe5 28. Nd3 Qc7 29. Qb6 Qd7 30. f3 Be6 31. Qc5 Red8 32. Rab2 Qc7 33. Qe5 Qe7 34. f4 Qa3 35. Qc5 Qa4 36. Qb4 Qxb4 37. Rxb4 Ra8 38. Nc5 Bc8 39. e5 Ng4 40. a6 bxa6 41. Bxc6 Ra7 42. Rb8 Rc7 43. R1b6 Ne3 44. Nxa6 Ra7 45. Bb5 Rf8 46. Rc6 Bb7 47. Rxf8+ Kxf8 48. Rd6 g5 49. c5 gxf4 50. gxf4 Ra8 51. Rb6 Be4 52. Rb8+ Rxb8 53. Nxb8 Ke7 54. Bc6 Bd5 55. Kf2 Bc4 56. Bf3 Nc2 57. Be4 Nb4 58. Nc6+ Nxc6 59. Bxc6 f6 60. exf6+ Kxf6 61. Bf3 Kf5 62. Kg3 Kf6 63. c6 Ba6 64. c7 1-0

[Event "Petah Tikva Elitzur IM-B"]
[Site "Petah Tikva"]
[Date "2020.07.23"]
[Round "2"]
[White "Kochavi, Ori"]
[Black "Friedland, Moshe"]
[Result "1/2-1/2"]
[WhiteElo "2291"]
[BlackElo "2251"]
[PlyCount "46"]
[EventDate "2020.07.20"]
[EventType "tourn"]
[EventRounds "9"]
[EventCountry "ISR"]
[EventCategory "3"]
[SourceTitle "EXT 2021"]
[Source "ChessBase"]
[SourceDate "2020.10.23"]
[SourceVersion "1"]
[SourceVersionDate "2020.10.23"]
[SourceQuality "1"]

1. d3 Nf6 2. Nf3 d5 3. g3 c6 4. Bg2 Bf5 5. 0-0 e6 6. Nfd2 h5 7. h3 e5 8. e4 dxe4 9. Nxe4 Nxe4 10. dxe4 Qxd1 11. Rxd1 Be6 12. Be3 Nd7 13. Nd2 h4 14. g4 Bc5 15. Nf1 b6 16. c3 a5 17. b3 0-0-0 18. f3 Bxe3+ 19. Nxe3 Nc5 20. Bf1 Rxd1 21. Rxd1 Rd8 22. Rxd8+ Kxd8 23. Kf2 b5 1/2-1/2

[Event "Titled Tuesday intern op 14th April"]
[Site "Chess.com INT"]
[Date "2020.04.14"]
[Round "1"]
[White "Friedland, Moshe"]
[Black "Narayanan, Srinath"]
[Result "0-1"]
[WhiteElo "2251"]
[BlackElo "2540"]
[PlyCount "56"]
[EventDate "2020.04.14"]
[EventType "swiss (blitz)"]
[EventRounds "10"]
[EventCountry "USA"]
[SourceTitle "EXT 2021"]
[Source "ChessBase"]
[SourceDate "2020.10.23"]
[SourceVersion "1"]
[SourceVersionDate "2020.10.23"]
[SourceQuality "1"]

1. e4 e5 2. Nf3 Nc6 3. Bc4 Nf6 4. d3 Bc5 5. c3 0-0 6. b4 Bb6 7. Bg5 d6 8. Nbd2 h6 9. Bh4 g5 10. Bg3 a5 11. b5 Ne7 12. d4 exd4 13. Nxd4 d5 14. e5 dxc4 15. exf6 Nd5 16. Qh5 Qxf6 17. 0-0 Nxc3 18. N4f3 Ne2+ 19. Kh1 Nxg3+ 20. fxg3 Qg6 21. Qxg6+ fxg6 22. Nxc4 Be6 23. Nxb6 cxb6 24. h4 g4 25. Ne5 Rxf1+ 26. Rxf1 Bxa2 27. Rf6 Bb1 28. Nxg6 Kg7 0-1

[Event "Titled Tuesday intern op 14th April"]
[Site "Chess.com INT"]
[Date "2020.04.14"]
[Round "3"]
[White "Sevgi, Volkan"]
[Black "Friedland, Moshe"]
[Result "1-0"]
[WhiteElo "2359"]
[BlackElo "2251"]
[PlyCount "51"]
[EventDate "2020.04.14"]
[EventType "swiss (blitz)"]
[EventRounds "10"]
[EventCountry "USA"]
[SourceTitle "EXT 2021"]
[Source "ChessBase"]
[SourceDate "2020.10.23"]
[SourceVersion "1"]
[SourceVersionDate "2020.10.23"]
[SourceQuality "1"]

1. e4 c5 2. Nc3 a6 3. g4 b5 4. Bg2 Bb7 5. d3 e6 6. Nh3 d5 7. exd5 Nf6 8. 0-0 Nxd5 9. Ne4 Be7 10. c4 Nb4 11. Be3 Nd7 12. Nd6+ Bxd6 13. Bxb7 Rb8 14. Bg2 Ne5 15. cxb5 axb5 16. d4 Nc4 17. Bg5 Qc7 18. b3 Nb2 19. Qd2 N2d3 20. a3 Bxh2+ 21. Kh1 h6 22. Be3 cxd4 23. Bxd4 Rd8 24. Bxg7 Rg8 25. Bf6 Rd7 26. axb4 1-0

[Event "ISR-chT"]
[Site "Israel"]
[Date "2020.01.10"]
[Round "1.4"]
[White "Friedland, Moshe"]
[Black "Kobo, Ori"]
[Result "0-1"]
[WhiteElo "2257"]
[BlackElo "2445"]
[PlyCount "84"]
[EventDate "2020.01.10"]
[EventType "team-tourn"]
[EventRounds "11"]
[EventCountry "ISR"]
[SourceTitle "CBM 194 Extra"]
[Source "ChessBase"]
[SourceDate "2020.03.31"]
[SourceVersion "1"]
[SourceVersionDate "2020.03.31"]
[SourceQuality "1"]
[WhiteTeam "Petah Tikva Hapoel"]
[BlackTeam "Rishon Le Zion Feldklein"]
[WhiteTeamCountry "ISR"]
[BlackTeamCountry "ISR"]

1. e4 e6 2. d4 d5 3. e5 c5 4. c3 Nc6 5. Nf3 Bd7 6. Na3 f6 7. Bd3 cxd4 8. cxd4 Bb4+ 9. Bd2 Qb6 10. 0-0 fxe5 11. Nxe5 Nxe5 12. dxe5 Ne7 13. Bg5 Nc6 14. Qh5+ Kf8 15. Bxh7 Be8 16. Qh4 Bf7 17. Nc2 Be7 18. Bf6 gxf6 19. Qh6+ Ke8 20. Qg7 Rf8 21. exf6 Qxb2 22. Rab1 Qxf6 23. Qg3 Rh8 24. Bd3 Ne5 25. Rxb7 Rg8 26. Bb5+ Kf8 27. Qe3 Qg6 28. g3 Qh5 29. Be2 Ng4 30. Bxg4 Rxg4 31. Rxa7 Rxa7 32. Qxa7 Rg8 33. Qb8+ Kg7 34. Qf4 Rh8 35. h4 Qg6 36. Ne3 Rxh4 37. Qc7 Bf6 38. Ng2 Rh8 39. Nf4 Qe4 40. f3 Qe3+ 41. Kg2 Bd4 42. Rd1 Qf2# 0-1

[Event "Jerusalem Israel op"]
[Site "Jerusalem"]
[Date "2019.12.18"]
[Round "6"]
[White "Kuritz, Zvi"]
[Black "Friedland, Moshe"]
[Result "0-1"]
[WhiteElo "1907"]
[BlackElo "2267"]
[PlyCount "74"]
[EventDate "2019.12.12"]
[EventType "swiss"]
[EventRounds "9"]
[EventCountry "ISR"]
[SourceTitle "CBM 193 Extra"]
[Source "ChessBase"]
[SourceDate "2020.01.31"]
[SourceVersion "1"]
[SourceVersionDate "2020.01.31"]
[SourceQuality "1"]

1. e4 c5 2. Nc3 a6 3. a4 Nc6 4. f4 g6 5. Nf3 Bg7 6. Bc4 d6 7. d3 e6 8. Bb3 Nge7 9. Ne2 d5 10. e5 Bd7 11. c3 b5 12. 0-0 Qb6 13. Be3 Rb8 14. axb5 axb5 15. d4 c4 16. Bc2 b4 17. Ba4 h6 18. Kh1 Kd8 19. Bd2 Kc7 20. cxb4 Nxb4 21. b3 Rhc8 22. bxc4 dxc4 23. Bxd7 Kxd7 24. Qa4+ Nec6 25. Rab1 Bf8 26. Rfc1 Qa7 27. Qd1 Nd3 28. Be3 Nxc1 29. Rxc1 Ke8 30. Rxc4 Nb4 31. Rxc8+ Rxc8 32. d5 Qxe3 33. Qa4+ Nc6 34. dxc6 Qxe2 35. c7+ Ke7 36. Qc6 Qd1+ 37. Ng1 Qd7 0-1

[Event "Netanya op"]
[Site "Netanya"]
[Date "2019.06.28"]
[Round "6"]
[White "Bar, Roman"]
[Black "Friedland, Moshe"]
[Result "1-0"]
[WhiteElo "2497"]
[BlackElo "2298"]
[PlyCount "153"]
[EventDate "2019.06.23"]
[EventType "swiss"]
[EventRounds "9"]
[EventCountry "ISR"]
[SourceTitle "CBM 191 Extra"]
[Source "ChessBase"]
[SourceDate "2019.09.30"]
[SourceVersion "1"]
[SourceVersionDate "2019.09.30"]
[SourceQuality "1"]

1. e4 c5 2. Nc3 a6 3. Nge2 d6 4. g3 Nf6 5. Bg2 e5 6. 0-0 Be7 7. d3 0-0 8. h3 Nc6 9. a4 Bd7 10. g4 Nd4 11. Ng3 Ne8 12. f4 exf4 13. Bxf4 Nc7 14. Nd5 Nxd5 15. exd5 Qb6 16. c3 Nb3 17. Ra3 c4+ 18. d4 Qd8 19. Qe2 Rc8 20. Be4 Re8 21. Qf3 Kh8 22. Bc2 b6 23. Qe4 g6 24. Qf3 Ra8 25. Ne4 f5 26. Nxd6 Bxd6 27. Bxd6 Nd2 28. Qf4 Nxf1 29. Be5+ Kg8 30. gxf5 Bxf5 31. Bxf5 Rxe5 32. Qxe5 gxf5 33. Kxf1 Qh4 34. Kg2 f4 35. Qe6+ Kg7 36. Qg4+ Qxg4+ 37. hxg4 Kf6 38. Kf3 Kg5 39. Ra1 Re8 40. Rh1 Re3+ 41. Kf2 Kxg4 42. Rxh7 Rf3+ 43. Kg2 Rg3+ 44. Kf2 Rf3+ 45. Ke2 Re3+ 46. Kd2 Rd3+ 47. Kc2 Re3 48. d6 Re6 49. d7 Rd6 50. Kd2 Kf3 51. Rf7 b5 52. a5 Kg3 53. Ke2 Re6+ 54. Kf1 Rd6 55. Rg7+ Kf3 56. Re7 Rd5 57. Ke1 Rd6 58. Rf7 Re6+ 59. Kd2 Rd6 60. Rf6 Rxd7 61. Rxa6 Rh7 62. Rb6 Rh2+ 63. Kc1 Rh1+ 64. Kc2 Rh2+ 65. Kb1 Rh1+ 66. Ka2 Ke2 67. a6 Rh7 68. Re6+ Kd2 69. Rf6 Ke3 70. Ka3 f3 71. Kb4 Rh2 72. a7 Rxb2+ 73. Ka3 Rb3+ 74. Ka2 Kd2 75. a8Q Kc1 76. Qa3+ Kc2 77. Rxf3 1-0

[Event "Netanya op"]
[Site "Netanya"]
[Date "2019.06.25"]
[Round "3"]
[White "Friedland, Moshe"]
[Black "Vagman, Roy"]
[Result "1-0"]
[WhiteElo "2298"]
[BlackElo "1904"]
[PlyCount "87"]
[EventDate "2019.06.23"]
[EventType "swiss"]
[EventRounds "9"]
[EventCountry "ISR"]
[SourceTitle "CBM 191 Extra"]
[Source "ChessBase"]
[SourceDate "2019.09.30"]
[SourceVersion "1"]
[SourceVersionDate "2019.09.30"]
[SourceQuality "1"]

1. e4 e5 2. Nf3 Nc6 3. Bc4 Bc5 4. c3 Nf6 5. d3 a6 6. 0-0 Ba7 7. Bg5 h6 8. Bh4 g5 9. Bg3 d6 10. a4 Bg4 11. h3 Bh5 12. Nbd2 Qd7 13. b4 g4 14. hxg4 Qxg4 15. Kh1 Rg8 16. Rg1 Ne7 17. Qe1 Bg6 18. Bh4 Nh5 19. Nf1 Qd7 20. b5 a5 21. d4 Qg4 22. Ne3 Qxe4 23. Bxe7 Kxe7 24. Bd5 Qf4 25. g3 Qf6 26. Bxb7 Ke6 27. Bd5+ Kd7 28. Bc6+ Ke6 29. Qe2 Qd8 30. dxe5 Bxe3 31. exd6 Kf6 32. Qxe3 Kg7 33. dxc7 Qc8 34. Qd4+ Kh7 35. g4 Ng7 36. b6 Ne6 37. Qd6 Ra6 38. Bd5 Ng5 39. Nxg5+ hxg5 40. Rg3 Qe8 41. Re3 Qc8 42. Rh3+ Kg7 43. Qe5+ Kf8 44. b7 1-0

[Event "Netanya op"]
[Site "Netanya"]
[Date "2019.06.24"]
[Round "2"]
[White "Greenfeld, Alon"]
[Black "Friedland, Moshe"]
[Result "1-0"]
[WhiteElo "2513"]
[BlackElo "2298"]
[PlyCount "41"]
[EventDate "2019.06.23"]
[EventType "swiss"]
[EventRounds "9"]
[EventCountry "ISR"]
[SourceTitle "CBM 191 Extra"]
[Source "ChessBase"]
[SourceDate "2019.09.30"]
[SourceVersion "1"]
[SourceVersionDate "2019.09.30"]
[SourceQuality "1"]

1. Nf3 Nf6 2. c4 c6 3. Nc3 d5 4. d4 a6 5. Bg5 Ne4 6. Bh4 g6 7. e3 Nxc3 8. bxc3 Bg7 9. Be2 0-0 10. 0-0 dxc4 11. Bxc4 c5 12. Qa4 cxd4 13. cxd4 Bd7 14. Qa3 Nc6 15. Rac1 b5 16. Bd5 Qb6 17. Bxe7 Nxe7 18. Qxe7 Rad8 19. Ne5 Be8 20. Qc5 Qb8 21. f4 1-0

[Event "Titled Tuesday intern op 7th May"]
[Site "Chess.com INT"]
[Date "2019.05.07"]
[Round "1"]
[White "Riff, Jean Noel"]
[Black "Friedland, Moshe"]
[Result "1/2-1/2"]
[WhiteElo "2494"]
[BlackElo "2315"]
[PlyCount "118"]
[EventDate "2019.05.07"]
[EventType "swiss (blitz)"]
[EventRounds "10"]
[EventCountry "USA"]
[SourceTitle "EXT 2021"]
[Source "ChessBase"]
[SourceDate "2020.10.23"]
[SourceVersion "1"]
[SourceVersionDate "2020.10.23"]
[SourceQuality "1"]

1. e4 c5 2. Nf3 d6 3. Bb5+ Bd7 4. Bxd7+ Nxd7 5. 0-0 Ngf6 6. Qe2 Rc8 7. b3 g6 8. Bb2 Bg7 9. c4 e5 10. Nc3 Nf8 11. Nd5 Ne6 12. d3 0-0 13. g3 Nh5 14. Nh4 Nef4 15. Qf3 Nxd5 16. cxd5 Qe8 17. Nf5 gxf5 18. Qxh5 fxe4 19. dxe4 f5 20. Qxe8 Rcxe8 21. f3 fxe4 22. fxe4 Rxf1+ 23. Kxf1 Kf7 24. Ke2 Ke7 25. Rf1 Rf8 26. Rf3 Rxf3 27. Kxf3 Bh6 28. Kg4 Kf6 29. Bc3 b5 30. Kh5 Be3 31. g4 Bd4 32. Bd2 c4 33. bxc4 bxc4 34. g5+ Kg7 35. Bc1 Ba1 36. Kg4 c3 37. Kf5 Bb2 38. Be3 Kf7 39. Bxa7 c2 40. Be3 c1Q 41. Bxc1 Bxc1 42. a4 Bd2 43. h4 Ke7 44. g6 hxg6+ 45. Kxg6 Kf8 46. Kf6 Be1 47. h5 Bb4 48. Ke6 Kg7 49. a5 Kh6 50. a6 Bc5 51. a7 Bxa7 52. Kxd6 Bb8+ 53. Ke6 Kxh5 54. d6 Kg6 55. d7 Bc7 56. d8Q Bxd8 57. Kxe5 Bc7+ 58. Kd5 Kf7 59. e5 Bxe5 1/2-1/2

[Event "Petah Tikva IM"]
[Site "Petah Tikva"]
[Date "2019.02.17"]
[Round "5"]
[White "Kupervaser, Erez"]
[Black "Friedland, Moshe"]
[Result "1/2-1/2"]
[WhiteElo "2246"]
[BlackElo "2236"]
[PlyCount "65"]
[EventDate "2019.02.06"]
[EventType "tourn"]
[EventRounds "11"]
[EventCountry "ISR"]
[EventCategory "2"]
[SourceTitle "CBM 189 Extra"]
[Source "ChessBase"]
[SourceDate "2019.06.03"]
[SourceVersion "1"]
[SourceVersionDate "2019.06.03"]
[SourceQuality "1"]

1. e4 c5 2. Nf3 d6 3. Bb5+ Bd7 4. c4 Nf6 5. Nc3 g6 6. d4 cxd4 7. Nxd4 Bg7 8. Be3 a6 9. Bxd7+ Nbxd7 10. Rc1 Rc8 11. b3 Qa5 12. Bd2 Qc5 13. Be3 Qa5 14. Bd2 Qh5 15. Qxh5 Nxh5 16. Be3 Ne5 17. Ke2 Ng4 18. Nd5 Nxe3 19. fxe3 e6 20. Nb6 Rc7 21. Na8 Rc5 22. Nb6 Nf6 23. b4 Re5 24. c5 dxc5 25. Nc4 Rg5 26. Nd6+ Ke7 27. Rxc5 Rxg2+ 28. Kf3 Rxa2 29. Nxb7 Nd7 30. Nc6+ Kf6 31. Rf1 Bh6 32. Ra5 Rxa5 33. bxa5 1/2-1/2

[Event "Rilton Cup 48th"]
[Site "Stockholm"]
[Date "2019.01.05"]
[Round "9"]
[White "Sandu, Mihaela"]
[Black "Friedland, Moshe"]
[Result "0-1"]
[WhiteElo "2312"]
[BlackElo "2227"]
[PlyCount "132"]
[EventDate "2018.12.27"]
[EventType "swiss"]
[EventRounds "9"]
[EventCountry "SWE"]
[SourceTitle "CBM 188 Extra"]
[Source "ChessBase"]
[SourceDate "2019.02.26"]
[SourceVersion "1"]
[SourceVersionDate "2019.02.26"]
[SourceQuality "1"]

1. e4 c5 2. Nf3 d6 3. d4 cxd4 4. Nxd4 Nf6 5. Nc3 a6 6. Be2 e5 7. Nb3 Be7 8. 0-0 0-0 9. Be3 Be6 10. Qd2 Nbd7 11. a4 Nb6 12. a5 Nc4 13. Bxc4 Bxc4 14. Rfd1 Rc8 15. f3 Rc6 16. Bb6 Qc8 17. Kh1 h6 18. Qe1 Be6 19. Nc1 Rc4 20. N1e2 Nd7 21. Bf2 f5 22. exf5 Rxf5 23. Nd4 Rf6 24. Nxe6 Rxe6 25. Rd2 Nf6 26. Ne2 d5 27. c3 Bc5 28. Bxc5 Rxc5 29. Ng3 Qc7 30. Nf5 Rxa5 31. Rad1 e4 32. Re2 Rc5 33. Qh4 Qe5 34. Ng3 Rc4 35. f4 Qc7 36. Nf5 e3 37. Nd4 Re4 38. Rde1 Rxf4 39. Qh3 Ng4 40. Kg1 Re4 41. Qh5 Qd6 42. Nc2 Re8 43. Rf1 Rce4 44. g3 g6 45. Qh3 Rf8 46. Rxf8+ Qxf8 47. Qg2 Ne5 48. Nxe3 Qc5 49. Qf2 Nd3 50. Qf6 Ne5 51. Qf2 Nc4 52. Nxc4 Qxf2+ 53. Kxf2 Rxe2+ 54. Kxe2 dxc4 55. Ke3 Kf7 56. Kd4 Ke6 57. Kxc4 b6 58. Kd4 Kd6 59. Ke4 a5 60. g4 Kc5 61. h4 Kc4 62. h5 gxh5 63. gxh5 Kb3 64. Kf5 Kxb2 65. Kg6 a4 66. Kxh6 a3 0-1

[Event "Rilton Cup 48th"]
[Site "Stockholm"]
[Date "2019.01.03"]
[Round "7"]
[White "Akesson, Ralf"]
[Black "Friedland, Moshe"]
[Result "1-0"]
[WhiteElo "2368"]
[BlackElo "2227"]
[PlyCount "83"]
[EventDate "2018.12.27"]
[EventType "swiss"]
[EventRounds "9"]
[EventCountry "SWE"]
[SourceTitle "CBM 188 Extra"]
[Source "ChessBase"]
[SourceDate "2019.02.26"]
[SourceVersion "1"]
[SourceVersionDate "2019.02.26"]
[SourceQuality "1"]

1. Nf3 Nf6 2. c4 c6 3. b3 d5 4. Bb2 Bf5 5. d3 e6 6. Nbd2 h6 7. g3 Be7 8. Bg2 0-0 9. 0-0 Nbd7 10. a3 a5 11. Qc2 Bh7 12. Bc3 c5 13. cxd5 exd5 14. a4 Re8 15. Rfe1 Qc7 16. Rac1 Bd6 17. Qb2 Qb6 18. d4 Ne4 19. Nxe4 Bxe4 20. dxc5 Bxc5 21. e3 Qd6 22. Rcd1 f6 23. Qd2 Bb4 24. Bxb4 Qxb4 25. Qxb4 axb4 26. Rd4 Nc5 27. Nd2 Rac8 28. Bf1 Bc2 29. Rxb4 d4 30. Rxd4 Nxb3 31. Nxb3 Bxb3 32. Rb1 Be6 33. Rxb7 Rc1 34. Kg2 Rec8 35. Bd3 R1c5 36. Ra7 h5 37. a5 h4 38. Rxh4 Rd8 39. Bh7+ Kf8 40. Bg6 Rd7 41. Rh8+ Ke7 42. Re8+ 1-0

[Event "Jerusalem Japhet Memorial op 4th"]
[Site "Jerusalem"]
[Date "2018.07.06"]
[Round "7"]
[White "Friedland, Moshe"]
[Black "Erenberg, Ariel"]
[Result "1/2-1/2"]
[WhiteElo "2286"]
[BlackElo "2393"]
[PlyCount "73"]
[EventDate "2018.07.01"]
[EventType "swiss"]
[EventRounds "7"]
[EventCountry "ISR"]
[SourceTitle "CBM 185 Extra"]
[Source "ChessBase"]
[SourceDate "2018.07.29"]
[SourceVersion "1"]
[SourceVersionDate "2018.07.29"]
[SourceQuality "1"]

1. e4 e5 2. Nf3 Nc6 3. Bc4 Bc5 4. c3 Nf6 5. d3 d6 6. Nbd2 0-0 7. h3 a5 8. 0-0 h6 9. Re1 Be6 10. Bb5 Qb8 11. Nf1 Qa7 12. Be3 Bxe3 13. Nxe3 Ne7 14. a4 Ng6 15. Qc2 c6 16. Bc4 d5 17. exd5 cxd5 18. Bb5 Qb8 19. Qe2 Nh5 20. g3 Bxh3 21. Nxd5 Qd6 22. c4 Bg4 23. Qe3 Bxf3 24. Qxf3 Nf6 25. Nxf6+ Qxf6 26. Qxf6 gxf6 27. d4 exd4 28. Rad1 Ne5 29. Re4 Rfd8 30. f4 Nc6 31. Bxc6 bxc6 32. Rexd4 Rdb8 33. Rd6 Rxb2 34. Rxf6 Re8 35. Rxh6 Re3 36. Kh1 Rxg3 37. Rg1 1/2-1/2

[Event "EU-ch U18 27th"]
[Site "Mamaia"]
[Date "2017.09.11"]
[Round "6"]
[White "Haldorsen, Benjamin"]
[Black "Friedland, Moshe"]
[Result "1-0"]
[WhiteElo "2397"]
[BlackElo "2264"]
[PlyCount "95"]
[EventDate "2017.09.05"]
[EventType "swiss"]
[EventRounds "9"]
[EventCountry "ROU"]
[SourceTitle "CBM 180 Extra"]
[Source "ChessBase"]
[SourceDate "2017.10.06"]
[SourceVersion "1"]
[SourceVersionDate "2017.10.06"]
[SourceQuality "1"]

1. e4 c5 2. Nc3 a6 3. Nge2 d6 4. g3 Nf6 5. Bg2 e5 6. d3 Be7 7. a4 0-0 8. 0-0 Nc6 9. f4 Nd4 10. f5 Bd7 11. g4 Nxg4 12. Nxd4 cxd4 13. Qxg4 dxc3 14. bxc3 Kh8 15. Qh5 g6 16. fxg6 fxg6 17. Rxf8+ Qxf8 18. Qf3 Qxf3 19. Bxf3 Rc8 20. c4 Kg7 21. a5 h5 22. Be3 Rf8 23. Be2 Bc6 24. Kg2 Rc8 25. c3 Bd8 26. Bd1 Bd7 27. Ba4 Be6 28. Rb1 Bxa5 29. Rxb7+ Rc7 30. Rb3 Bc8 31. Bb6 Bxb6 32. Rxb6 Rb7 33. Rxd6 Rb2+ 34. Kg3 h4+ 35. Kxh4 Rxh2+ 36. Kg3 Ra2 37. Be8 Kf8 38. Bxg6 Ke7 39. c5 Ra3 40. c4 Ra5 41. Rd5 Be6 42. Rxe5 Kf6 43. d4 Bxc4 44. Bh5 Ra3+ 45. Kf4 Ra1 46. Rf5+ Ke7 47. d5 Rf1+ 48. Ke5 1-0

[Event "EU-ch U18 27th"]
[Site "Mamaia"]
[Date "2017.09.07"]
[Round "3"]
[White "Friedland, Moshe"]
[Black "Sinanovic, Ermin"]
[Result "1-0"]
[WhiteElo "2264"]
[BlackElo "2065"]
[PlyCount "63"]
[EventDate "2017.09.05"]
[EventType "swiss"]
[EventRounds "9"]
[EventCountry "ROU"]
[SourceTitle "CBM 180 Extra"]
[Source "ChessBase"]
[SourceDate "2017.10.06"]
[SourceVersion "1"]
[SourceVersionDate "2017.10.06"]
[SourceQuality "1"]

1. e4 c5 2. Nf3 d6 3. d4 cxd4 4. Nxd4 Nf6 5. Nc3 a6 6. f4 e6 7. Qf3 Be7 8. Be3 Qc7 9. g4 b5 10. g5 Nfd7 11. 0-0-0 b4 12. Nce2 Nb6 13. Ng3 N8d7 14. h4 Bb7 15. h5 Nc5 16. g6 f5 17. h6 hxg6 18. hxg7 Rg8 19. Rh6 Rxg7 20. Rxg6 Rxg6 21. Qh5 Kf7 22. Nxe6 Nxe6 23. exf5 Rag8 24. fxg6+ Ke8 25. Qf5 Nd8 26. Bd4 Qd7 27. Qh5 Qe6 28. Bxb6 Qxg6 29. Qxg6+ Rxg6 30. Nf5 Bf8 31. Bh3 Nc6 32. Bc7 1-0

[Event "Pardubice Czech op-A 28th"]
[Site "Pardubice"]
[Date "2017.07.27"]
[Round "7"]
[White "Friedland, Moshe"]
[Black "Haba, Petr"]
[Result "0-1"]
[WhiteElo "2289"]
[BlackElo "2432"]
[PlyCount "80"]
[EventDate "2017.07.21"]
[EventType "swiss"]
[EventRounds "9"]
[EventCountry "CZE"]
[SourceTitle "CBM 179 Extra"]
[Source "ChessBase"]
[SourceDate "2017.08.23"]
[SourceVersion "1"]
[SourceVersionDate "2017.08.23"]
[SourceQuality "1"]

1. e4 e6 2. d4 d5 3. e5 c5 4. c3 Nc6 5. Nf3 Bd7 6. Na3 cxd4 7. cxd4 Bxa3 8. bxa3 Nge7 9. Bd3 Nc8 10. 0-0 h6 11. Rb1 Nb6 12. Nd2 Qe7 13. Nb3 Na4 14. Qe1 b6 15. Bb5 Nb8 16. Bd3 Nc6 17. Bb5 Nb8 18. Bd3 a5 19. f4 g6 20. Qg3 Nc6 21. Be3 Qxa3 22. f5 gxf5 23. Rfc1 Qf8 24. a3 Rg8 25. Qf3 Rg6 26. Qe2 Qe7 27. Bb5 Na7 28. Ba6 Qd8 29. Bd2 Kf8 30. Bb7 Bb5 31. Qh5 Rb8 32. Bxh6+ Kg8 33. Re1 Nc3 34. Re3 Be2 35. Rxe2 Nxe2+ 36. Qxe2 Rxh6 37. Ba6 Nc6 38. Rc1 Ne7 39. Qd2 Kg7 40. Rc3 Ng6 0-1

[Event "Pardubice Czech op-A 28th"]
[Site "Pardubice"]
[Date "2017.07.26"]
[Round "6"]
[White "Bertram, Karsten"]
[Black "Friedland, Moshe"]
[Result "0-1"]
[WhiteElo "2021"]
[BlackElo "2289"]
[PlyCount "64"]
[EventDate "2017.07.21"]
[EventType "swiss"]
[EventRounds "9"]
[EventCountry "CZE"]
[SourceTitle "CBM 179 Extra"]
[Source "ChessBase"]
[SourceDate "2017.08.23"]
[SourceVersion "1"]
[SourceVersionDate "2017.08.23"]
[SourceQuality "1"]

1. e4 c5 2. Nf3 d6 3. d4 cxd4 4. Nxd4 Nf6 5. Nc3 a6 6. Bg5 Nbd7 7. Qd2 e6 8. 0-0-0 b5 9. Bd3 Bb7 10. f3 Be7 11. h4 Qc7 12. Kb1 0-0 13. g4 b4 14. Nce2 a5 15. Nb5 Qb6 16. Be3 Nc5 17. Nbd4 Nfd7 18. g5 a4 19. Nc1 Ne5 20. h5 b3 21. cxb3 axb3 22. Ncxb3 Nexd3 23. g6 Qa6 24. a3 Nxb3 25. Nxb3 Ne5 26. Qh2 h6 27. Nd4 Nxf3 28. Qg3 Bxe4+ 29. Ka1 Nxd4 30. Bxd4 fxg6 31. Rh2 Rf3 32. Qg4 Rxa3+ 0-1